[Event "Al Ain Classic 2012"]
[Site "Al-Ain UAE"]
[Date "2012.12.27"]
[Round "6.35"]
[White "El Ghazali, Youssef M."]
[Black "Abtini, Hasan"]
[Result "1-0"]
[WhiteTitle "IM"]
[WhiteElo "2244"]
[BlackElo "1935"]
[WhiteFideId "10600167"]
[BlackFideId "7601506"]
[EventDate "2012.12.22"]

1. Nf3 Nf6 2. g3 d5 3. Bg2 Bg4 4. c4 c6 5. Ne5 Bf5 6. cxd5 Nxd5 7. e4 Qd6 8. Nc4
Qe6 9. O-O Nf6 10. Qb3 b5 11. exf5 Qxc4 12. Qxc4 bxc4 13. Na3 g6 14. Nxc4 gxf5
15. Re1 e6 16. b3 Nd5 17. Bb2 Rg8 18. Bxd5 cxd5 19. Ne5 Nd7 20. Rac1 Bd6 21. Nd3
Ke7 22. Rc6 Rac8 23. Rec1 Rxc6 24. Rxc6 e5 25. b4 Rb8 26. Ra6 Rb7 27. a3 Rc7 28.
Ne1 Nb6 29. d3 d4 30. Kf1 Rb7 31. Ke2 Nd7 32. Nc2 Nb8 33. Ra5 Nc6 34. Ra6 Rb6
35. Rxb6 axb6 36. f3 Ke6 37. Ne1 Ne7 38. f4 f6 39. Nf3 Kd5 40. fxe5 fxe5 41. Ng5
h5 42. Nf3 Kc6 43. Nd2 Kb5 44. Kd1 Nd5 45. Kc2 Ne3+ 46. Kb3 Ng4 47. Nf3 Nf2 48.
a4+ Kc6 49. Kc2 Kd5 50. a5 bxa5 51. bxa5 Kc6 52. a6 Ng4 53. h3 Ne3+ 54. Kb3 Nf1
55. Bxd4 Nd2+ 56. Nxd2 exd4 57. Nf3 f4 58. gxf4 Bxf4 59. Nxd4+ Kb6 60. Ne6 Be3
61. Kc4 Kxa6 62. Kd5 Kb5 63. d4 Bf2 64. Ng7 h4 65. Nf5 Kb4 66. Ke6 Kc4 67. d5
Kd3 68. d6 Ke4 69. d7 Bb6 70. Nxh4 Kf4 71. Nf5 Kg5 72. h4+ Kh5 73. Ke7 Kg4 74.
Kf6 Kh5 75. Ke5 Bc7+ 76. Kd5 Kg4 77. Ng7 Bd8 78. h5 Be7 79. h6 1-0

[Event "Al Ain Classic 2012"]
[Site "Al-Ain UAE"]
[Date "2012.12.27"]
[Round "6.37"]
[White "Molina, Antonio"]
[Black "Wanyama, Harold"]
[Result "1-0"]
[WhiteTitle "FM"]
[BlackTitle "FM"]
[WhiteElo "2099"]
[BlackElo "2252"]
[WhiteFideId "5201365"]
[BlackFideId "10000380"]
[EventDate "2012.12.22"]

1. d4 d5 2. c4 c6 3. Nc3 Nf6 4. Nf3 dxc4 5. a4 Bf5 6. Ne5 e6 7. f3 c5 8. e4 cxd4
9. exf5 Bb4 10. fxe6 dxc3 11. Qxd8+ Kxd8 12. Kf2 Ke7 13. Bxc4 c2 14. Nd3 Rc8 15.
b3 a5 16. Nxb4 axb4 17. exf7 Rxc4 18. bxc4 Na6 19. Ke2 Rd8 20. Ra2 b3 21. Ba3+
Kxf7 22. Rb2 Re8+ 23. Kd2 Rd8+ 24. Ke2 Re8+ 25. Kf2 Rd8 26. Ke2 Re8+ 27. Kf2 Rd8
28. Rc1 Nb4 29. Bxb4 Rd1 30. Rbxc2 bxc2 31. Rxc2 Ra1 32. a5 Ra4 33. Bd2 Nd7 34.
Ke2 Ke6 35. Rb2 Rxc4 36. Rxb7 Ra4 37. Ra7 g6 38. Ra8 h5 39. f4 Ra2 40. Rg8 Kf5
41. Rd8 Ke6 42. Rc8 Kd5 43. Rd8 Ke6 44. Kd3 Ke7 45. Rc8 Kd6 46. Bb4+ Kd5 47. Rc2
Ra1 48. Rc7 Ke6 49. Rc6+ Kf5 50. Rd6 Rb1 51. Kc4 Nf6 52. a6 Rc1+ 53. Kb5 Ne4 54.
Rd7 Ra1 55. a7 Ke6 56. Rd4 Rxa7 57. Rxe4+ Kf5 58. Rd4 Kg4 59. Bd2 Re7 60. Rd5
Re2 61. Rg5+ Kh4 62. Bb4 Re6 63. Re5 Rf6 64. Be7 1-0

[Event "Al Ain Classic 2012"]
[Site "Al-Ain UAE"]
[Date "2012.12.27"]
[Round "6.38"]
[White "Tabatabaei, M.amin"]
[Black "Amer, Mohammed Bishara"]
[Result "1-0"]
[WhiteTitle "FM"]
[WhiteElo "2134"]
[BlackElo "1924"]
[WhiteFideId "12521213"]
[BlackFideId "12200719"]
[EventDate "2012.12.22"]

1. d4 d5 2. c4 c5 3. Nf3 e6 4. cxd5 Qxd5 5. Nc3 Qd8 6. e4 cxd4 7. Nxd4 a6 8. Be2
Bc5 9. Be3 Nf6 10. Nxe6 Qxd1+ 11. Rxd1 Bxe6 12. Bxc5 Nc6 13. f4 Rd8 14. Kf2 Bg4
15. e5 Bxe2 16. Rxd8+ Kxd8 17. exf6 Bc4 18. fxg7 Rg8 19. Bf8 f5 20. b3 Bf7 21.
Rd1+ Ke8 22. Nd5 Bxd5 23. Rxd5 a5 24. Rxf5 b6 25. Rf6 Nb4 26. Bxb4 axb4 27. Rf8+
Rxf8 28. gxf8=N Kxf8 29. f5 Kf7 30. g4 Kf6 31. h4 h5 32. gxh5 Kxf5 33. Ke3 Ke5
34. h6 Kf6 35. h5 b5 36. Kd4 1-0

[Event "Al Ain Classic 2012"]
[Site "Al-Ain UAE"]
[Date "2012.12.27"]
[Round "6.39"]
[White "Nesterovskaya, Anzhelika"]
[Black "Karim, Ismael"]
[Result "1/2-1/2"]
[WhiteTitle "WF"]
[BlackTitle "IM"]
[WhiteElo "2133"]
[BlackElo "2383"]
[WhiteFideId "14114895"]
[BlackFideId "625736"]
[EventDate "2012.12.22"]

1. e4 e5 2. Nf3 Nc6 3. Bb5 a6 4. Ba4 Nf6 5. O-O Be7 6. c3 Nxe4 7. Re1 Nc5 8.
Bxc6 dxc6 9. Nxe5 O-O 10. d4 Nd7 11. Nd2 Nxe5 12. dxe5 Qd3 13. Qf3 Qxf3 14. Nxf3
h6 15. Be3 c5 16. Nd2 Bf5 17. h3 Rad8 18. f4 Rd3 19. Kf2 Rfd8 20. Nf3 h5 21. Rg1
h4 22. Ke2 Be6 23. Rgc1 b6 24. b3 g6 25. c4 Bf5 26. Rd1 a5 27. Bf2 Be4 28. Rxd3
Bxd3+ 29. Ke3 b5 30. Rc1 bxc4 31. bxc4 Bf5 32. Rc3 Rd1 33. Bxh4 Bxh4 34. Nxh4
Be6 35. Nf3 Kf8 36. Nd2 a4 37. a3 Bd7 38. Ke2 Rg1 39. Kf2 Rd1 40. Ke2 Rg1 41.
Kf2 Rd1 42. Ke2 Rg1 43. Kf2 Rd1 44. Ke2 Rg1 45. Kf2 1/2-1/2

[Event "Al Ain Classic 2012"]
[Site "Al-Ain UAE"]
[Date "2012.12.27"]
[Round "6.40"]
[White "Kawuma, Patrick"]
[Black "Nassajtorshizi, Amirmorteza"]
[Result "1-0"]
[WhiteTitle "CM"]
[WhiteElo "2245"]
[BlackElo "1999"]
[WhiteFideId "10000127"]
[BlackFideId "12511242"]
[EventDate "2012.12.22"]

1. c4 c5 2. Nc3 Nc6 3. Nf3 Nf6 4. e3 g6 5. d4 cxd4 6. exd4 Bg7 7. d5 Nb8 8. Be2
d6 9. Bd2 Bg4 10. Rc1 Nbd7 11. O-O O-O 12. Re1 Rc8 13. b3 Nc5 14. Be3 Nfd7 15.
b4 Na6 16. Qb3 Bxf3 17. Bxf3 f5 18. Nb5 Ne5 19. Be2 f4 20. Bd4 Kh8 21. Nxa7 Ra8
22. Nb5 Qd7 23. a4 Qf5 24. f3 h5 25. Bf2 Qf6 26. c5 g5 27. c6 bxc6 28. dxc6 g4
29. c7 Qg5 30. fxg4 f3 31. gxf3 hxg4 32. fxg4 Qf4 33. Bg3 Qe4 34. Bxe5 Bxe5 35.
Qh3+ Kg7 36. Bd3 Bd4+ 37. Nxd4 Qxd4+ 38. Qe3 Qxe3+ 39. Rxe3 Nxb4 40. Be4 d5 41.
Bf5 e6 42. Rxe6 d4 43. Rb6 Nd5 44. Rb7 Kf6 45. c8=Q 1-0

[Event "Al Ain Classic 2012"]
[Site "Al-Ain UAE"]
[Date "2012.12.27"]
[Round "7.1"]
[White "Parligras, Mircea-Emilian"]
[Black "Kotanjian, Tigran"]
[Result "1-0"]
[WhiteTitle "GM"]
[BlackTitle "GM"]
[WhiteElo "2628"]
[BlackElo "2518"]
[WhiteFideId "1204297"]
[BlackFideId "13301250"]
[EventDate "2012.12.22"]

1. d4 d5 2. c4 e6 3. Nc3 Be7 4. Nf3 Nf6 5. Bf4 O-O 6. Rc1 c5 7. dxc5 Bxc5 8. e3
Nc6 9. a3 Be7 10. h3 a6 11. cxd5 exd5 12. Bd3 Qb6 13. b4 Be6 14. O-O Rfc8 15.
Na4 Qa7 16. Nc5 Nd8 17. Nxe6 Nxe6 18. Be5 a5 19. Nd4 axb4 20. Nf5 Bd8 21. Rxc8
Rxc8 22. axb4 Qa3 23. Nd6 Rc6 24. Qb1 Rb6 25. Nb5 Qa4 26. Qb2 Qa8 27. Nd4 Be7
28. Nf5 Qd8 29. Nxe7+ Qxe7 30. Ra1 Nd7 31. Ra8+ Ndf8 32. b5 d4 33. exd4 f6 34.
Bg3 g6 35. Bc4 Kg7 36. d5 Nc5 37. Qd4 Qe1+ 38. Kh2 Qb4 39. d6 Ncd7 40. Qd5 Kh6
41. h4 g5 42. hxg5+ fxg5 43. f4 1-0

[Event "Al Ain Classic 2012"]
[Site "Al-Ain UAE"]
[Date "2012.12.27"]
[Round "7.2"]
[White "Kotsur, Pavel"]
[Black "Vachier-Lagrave, Maxime"]
[Result "0-1"]
[WhiteTitle "GM"]
[BlackTitle "GM"]
[WhiteElo "2550"]
[BlackElo "2711"]
[WhiteFideId "13700278"]
[BlackFideId "623539"]
[EventDate "2012.12.22"]

1. Nf3 Nf6 2. c4 g6 3. Nc3 d5 4. cxd5 Nxd5 5. e4 Nxc3 6. dxc3 Qxd1+ 7. Kxd1 f6
8. Be3 e5 9. Nd2 Nd7 10. Bc4 Bc5 11. Ke2 Ke7 12. g3 a5 13. f4 Bxe3 14. Kxe3 Nb6
15. fxe5 fxe5 16. Rhf1 Be6 17. Bxe6 Kxe6 18. Rf2 Rhf8 19. Raf1 Rxf2 20. Rxf2 a4
21. b3 axb3 22. axb3 Nd7 23. Nf3 Nf6 24. h3 Ra1 25. Ng5+ Ke7 26. Nf3 Rc1 27.
Nxe5 Rxc3+ 28. Nd3 Rxb3 29. Kd4 Ra3 30. Re2 b6 31. Nf4 Ra4+ 32. Kd3 c6 33. e5
Nd7 0-1

[Event "Al Ain Classic 2012"]
[Site "Al-Ain UAE"]
[Date "2012.12.27"]
[Round "7.3"]
[White "Wang, Yue"]
[Black "Kravtsiv, Martyn"]
[Result "1-0"]
[WhiteTitle "GM"]
[BlackTitle "GM"]
[WhiteElo "2696"]
[BlackElo "2593"]
[WhiteFideId "8601429"]
[BlackFideId "14113147"]
[EventDate "2012.12.22"]

1. c4 e6 2. g3 d5 3. Bg2 Nf6 4. Nf3 dxc4 5. Qa4+ c6 6. Qxc4 b5 7. Qc2 Bb7 8. O-O
Nbd7 9. Nc3 Rc8 10. Rd1 a6 11. a4 Be7 12. d4 c5 13. axb5 axb5 14. dxc5 Bxc5 15.
Ne5 Qb6 16. Nxd7 Bxf2+ 17. Kf1 Bxg2+ 18. Kxg2 Nxd7 19. Qd3 Ne5 20. Qxb5+ Qxb5
21. Nxb5 Bc5 22. Bf4 f6 23. b4 Bxb4 24. Bxe5 fxe5 25. Ra7 Be7 26. Rf1 Rf8 27.
Nc7+ Rxc7 28. Rxf8+ Kxf8 29. Rxc7 Kf7 30. g4 h6 31. Kf3 Kf6 32. Ke4 Bb4 33. Rc1
Bd6 34. Rf1+ Kg6 35. Rd1 1-0

[Event "Al Ain Classic 2012"]
[Site "Al-Ain UAE"]
[Date "2012.12.27"]
[Round "7.4"]
[White "Paragua, Mark"]
[Black "Edouard, Romain"]
[Result "0-1"]
[WhiteTitle "GM"]
[BlackTitle "GM"]
[WhiteElo "2533"]
[BlackElo "2686"]
[WhiteFideId "5201241"]
[BlackFideId "633429"]
[EventDate "2012.12.22"]

1. e4 c5 2. c3 Nf6 3. e5 Nd5 4. d4 cxd4 5. Nf3 Nc6 6. cxd4 d6 7. Bc4 e6 8. O-O
Be7 9. exd6 Qxd6 10. Nc3 O-O 11. Re1 Rd8 12. Bb3 Nf6 13. Be3 b6 14. a3 Bb7 15.
Qe2 Na5 16. Bc2 Rac8 17. Ne5 Nc6 18. Nf3 Na5 19. Ne5 Nc6 20. Nf3 Ng4 21. Rad1
Na5 22. Ne4 Qd5 23. Bg5 Bxg5 24. Nexg5 Nf6 25. Bd3 h6 26. Nh3 Qh5 27. Nf4 Qg4
28. Qe3 Bxf3 29. Qxf3 Qxf3 30. gxf3 Rc6 31. d5 Nxd5 32. Nxd5 Rxd5 33. Be4 Rxd1
34. Rxd1 Rc8 35. Rd7 f5 36. Bd3 Rc1+ 37. Kg2 Rd1 38. b4 Nc6 39. f4 Kf8 40. Rd6
Ke7 41. Rxc6 Rxd3 42. Rc7+ Rd7 43. Rc8 Kd6 44. h4 e5 45. Rf8 Ke6 46. fxe5 Kxe5
47. h5 Kf4 48. a4 Kg4 49. a5 bxa5 50. bxa5 Rd5 51. Rf7 Rxa5 52. Rxg7+ Kxh5 53.
Kf3 Ra4 54. Rg8 a5 55. Rg7 Rb4 56. Rg1 a4 57. Rh1+ Kg5 58. Rg1+ Rg4 59. Rb1 a3 0-1

[Event "Al Ain Classic 2012"]
[Site "Al-Ain UAE"]
[Date "2012.12.27"]
[Round "7.5"]
[White "Miroshnichenko, Evgenij"]
[Black "Bajarani, Ulvi"]
[Result "1-0"]
[WhiteTitle "GM"]
[BlackTitle "IM"]
[WhiteElo "2628"]
[BlackElo "2425"]
[WhiteFideId "14102595"]
[BlackFideId "13403028"]
[EventDate "2012.12.22"]

1. Nf3 c5 2. g3 g6 3. Bg2 Bg7 4. O-O Nc6 5. c3 e5 6. d3 Nge7 7. a3 a5 8. a4 O-O
9. Na3 d5 10. e4 b6 11. exd5 Nxd5 12. Re1 Re8 13. Qb3 h6 14. Ng5 hxg5 15. Qxd5
Bb7 16. Nc4 e4 17. Qxd8 Raxd8 18. Bxg5 f6 19. Bf4 Rxd3 20. Bxe4 Rxe4 21. Rxe4 1-0

[Event "Al Ain Classic 2012"]
[Site "Al-Ain UAE"]
[Date "2012.12.27"]
[Round "7.6"]
[White "Senador, Emmanuel"]
[Black "Ehlvest, Jaan"]
[Result "0-1"]
[WhiteTitle "IM"]
[BlackTitle "GM"]
[WhiteElo "2352"]
[BlackElo "2603"]
[WhiteFideId "5200601"]
[BlackFideId "4500016"]
[EventDate "2012.12.22"]

1. e4 c5 2. d4 cxd4 3. c3 d5 4. exd5 Qxd5 5. cxd4 e6 6. Nf3 Nf6 7. Nc3 Qd6 8.
Bc4 Be7 9. O-O O-O 10. Qe2 Nc6 11. Rd1 Nd5 12. Qe4 Rd8 13. Bg5 Bxg5 14. Nxg5 Nf6
15. Qh4 h6 16. Nf3 Ne7 17. Ne4 Nxe4 18. Qxe4 Nd5 19. Ne5 Nf6 20. Qf3 Rb8 21. Bb3
Bd7 22. Rac1 Be8 23. Rc5 b6 24. Rc3 Nd5 25. Rc6 Qe7 26. Rcc1 Nf6 27. h3 Rbc8 28.
Rc3 Rc7 29. Rdc1 Rxc3 30. bxc3 Qc7 31. Re1 b5 32. Qd3 Rc8 33. Re3 Rd8 34. Rg3
Bc6 35. Qe3 Kf8 36. Bc2 Rc8 37. Bd3 Nh5 38. Rg4 Bd5 39. Bxb5 Qxc3 40. Nd7+ Ke7
41. Qe5 g5 42. a4 Qa1+ 0-1

[Event "Al Ain Classic 2012"]
[Site "Al-Ain UAE"]
[Date "2012.12.27"]
[Round "7.7"]
[White "Kazhgaleyev, Murtas"]
[Black "Ezat, Mohamed"]
[Result "1/2-1/2"]
[WhiteTitle "GM"]
[BlackTitle "IM"]
[WhiteElo "2596"]
[BlackElo "2450"]
[WhiteFideId "13700316"]
[BlackFideId "10600906"]
[EventDate "2012.12.22"]

1. d4 Nf6 2. c4 g6 3. Nc3 Bg7 4. e4 d6 5. h3 O-O 6. Bg5 c5 7. d5 e6 8. Bd3 exd5
9. cxd5 Re8 10. Nf3 c4 11. Bc2 b5 12. a3 Nbd7 13. O-O Qb6 14. Re1 Nc5 15. Be3
Nfd7 16. Bd4 Ne5 17. Nxe5 Bxe5 18. Bxe5 Rxe5 19. Qd4 Bd7 20. f4 Re7 21. Kh2 Rae8
22. e5 dxe5 23. fxe5 Rxe5 24. Rxe5 Qd6 25. Re1 f6 26. Qxc5 Qxc5 27. Rxe8+ Bxe8
28. Rxe8+ Kg7 29. Re1 f5 30. Rd1 Qd6+ 31. Kh1 a6 32. Na2 Kf7 33. Nb4 Ke8 34. Nc6
Kd7 35. a4 Qf6 36. Nd4 b4 37. b3 c3 38. Nc6 Qd6 39. a5 Kc7 40. Kg1 Kd7 41. Kh1
Kc7 42. Rd3 Kd7 43. g3 f4 44. gxf4 Qxf4 45. Kg2 Qe4+ 46. Kf2 Qf4+ 47. Kg2 Qe4+
48. Kf2 Qf4+ 49. Kg2 1/2-1/2

[Event "Al Ain Classic 2012"]
[Site "Al-Ain UAE"]
[Date "2012.12.27"]
[Round "7.9"]
[White "Can, Emre"]
[Black "Grigoryan, Karen H."]
[Result "1-0"]
[WhiteTitle "GM"]
[BlackTitle "IM"]
[WhiteElo "2448"]
[BlackElo "2513"]
[WhiteFideId "6302181"]
[BlackFideId "13301004"]
[EventDate "2012.12.22"]

1. Nf3 d5 2. d4 Nf6 3. c4 c6 4. Nc3 dxc4 5. a4 Bf5 6. Ne5 Nbd7 7. Nxc4 Qc7 8. g3
e5 9. dxe5 Nxe5 10. Bf4 Nfd7 11. Bg2 g5 12. Ne3 gxf4 13. Nxf5 O-O-O 14. O-O fxg3
15. hxg3 h5 16. Rc1 Nc5 17. Qc2 a5 18. Ne4 Nxe4 19. Qxe4 Kb8 20. Rfd1 Rxd1+ 21.
Rxd1 Bc5 22. e3 f6 23. Nd4 h4 24. Ne6 Qe7 25. Nxc5 Qxc5 26. gxh4 Rg8 27. h5 Qf8
28. f4 Ng4 29. Qe6 Ka7 30. Rd6 Rg7 31. h6 Rc7 32. Bf3 Nxh6 33. Qxf6 Qg8+ 34. Kf2
Ng4+ 35. Bxg4 Qxg4 36. Qg5 Qh3 37. Rh6 Qd7 38. Qxa5+ Kb8 39. Rh8+ Rc8 40. Qe5+
Ka8 41. Rxc8+ Qxc8 42. f5 Qd8 43. f6 Qd2+ 44. Kg3 Qe1+ 45. Kg4 Qe2+ 46. Kg5 Qg2+
47. Kh6 Qh3+ 48. Kg7 Qg4+ 49. Kf8 Qb4+ 50. Ke8 1-0

[Event "Al Ain Classic 2012"]
[Site "Al-Ain UAE"]
[Date "2012.12.27"]
[Round "7.10"]
[White "Moosavian, S.Hamed"]
[Black "Golizadeh, Asghar"]
[Result "0-1"]
[WhiteTitle "IM"]
[BlackTitle "GM"]
[WhiteElo "2377"]
[BlackElo "2476"]
[WhiteFideId "12501930"]
[BlackFideId "12505269"]
[EventDate "2012.12.22"]

1. d4 Nf6 2. Bg5 d5 3. Bxf6 exf6 4. e3 Bd6 5. c4 dxc4 6. Bxc4 O-O 7. Nc3 f5 8.
Qf3 Nd7 9. Nge2 Nf6 10. O-O c6 11. Rfe1 Re8 12. a3 a5 13. Rac1 g6 14. Ng3 Kg7
15. d5 Ng4 16. Ba2 Bd7 17. dxc6 Bxc6 18. Bd5 Rc8 19. Red1 Qh4 20. h3 Nxe3 21.
Bxc6 Nxd1 22. Bxe8 Nxc3 23. Bb5 Rc5 24. Bf1 Ne4 25. Rxc5 Nxc5 26. Qd5 Qe7 27.
Ne2 Ne4 28. Nc3 Bc5 29. Nxe4 fxe4 30. Bc4 e3 31. fxe3 Qxe3+ 32. Kh2 Qf4+ 33. Kh1
Qc1+ 34. Kh2 Qg1+ 35. Kg3 Qe1+ 0-1

[Event "Al Ain Classic 2012"]
[Site "Al-Ain UAE"]
[Date "2012.12.27"]
[Round "7.11"]
[White "Dimakiling, Oliver"]
[Black "Ji, Dan"]
[Result "1/2-1/2"]
[WhiteTitle "IM"]
[WhiteElo "2453"]
[BlackElo "2341"]
[WhiteFideId "5202248"]
[BlackFideId "8601887"]
[EventDate "2012.12.22"]

1. Nf3 d5 2. e3 Nf6 3. h3 c5 4. b3 Nc6 5. Bb2 Bf5 6. Bb5 e6 7. O-O Be7 8. Ne5
Qc7 9. f4 Bg6 10. Nc3 Bd6 11. Bxc6+ bxc6 12. Na4 O-O 13. d3 Nd7 14. Nxd7 Qxd7
15. Qe2 Rfe8 16. Rad1 f6 17. Qf2 Qe7 18. c4 Rac8 19. Ba3 f5 20. Rfe1 e5 21. Bb2
Qf7 22. fxe5 Bxe5 23. Nxc5 Bd6 24. Na4 f4 25. exf4 Qxf4 26. Qxf4 Bxf4 27. Bd4
Rxe1+ 28. Rxe1 Bxd3 29. cxd5 cxd5 30. Nc5 Bg6 31. Re6 Bg3 32. b4 Kf7 33. Ra6 Rc7
34. Bf2 Be5 35. Nb3 Bd3 36. Rxa7 Rxa7 37. Bxa7 Bc4 38. Kf2 Bc3 39. Bc5 d4 40. h4
h5 41. g3 g6 42. Kf3 d3 43. Ke3 d2 44. Nxd2 Bxd2+ 45. Kxd2 Bxa2 46. Ke3 Ke6 47.
Kd4 Kd7 1/2-1/2

[Event "Al Ain Classic 2012"]
[Site "Al-Ain UAE"]
[Date "2012.12.27"]
[Round "7.12"]
[White "Kuderinov, Kirill"]
[Black "Jumabayev, Rinat"]
[Result "0-1"]
[WhiteTitle "IM"]
[BlackTitle "GM"]
[WhiteElo "2452"]
[BlackElo "2567"]
[WhiteFideId "13701568"]
[BlackFideId "13702661"]
[EventDate "2012.12.22"]

1. d4 Nf6 2. Nf3 e6 3. c4 b6 4. e3 Bb7 5. Be2 Bb4+ 6. Nbd2 O-O 7. O-O Be7 8. b3
c5 9. Bb2 d6 10. Qc2 Nbd7 11. Rac1 Rc8 12. Qb1 Rc7 13. Rfd1 Qa8 14. Ne1 Rfc8 15.
Bf3 cxd4 16. Bxb7 Qxb7 17. exd4 d5 18. Nef3 Qa6 19. Ne5 dxc4 20. Rxc4 Rxc4 21.
Ndxc4 b5 22. Ne3 Nb6 23. Rc1 Nbd5 24. Rxc8+ Qxc8 25. Qd3 a6 26. g3 Bd6 27. Nxd5
Nxd5 28. a4 f6 29. Nf3 bxa4 30. bxa4 Qc6 31. Qb3 Bb4 32. a5 Kf7 33. Qd3 g6 34.
Qe4 Bxa5 35. Ba3 Bc7 36. Bc5 Bd6 37. Qd3 a5 38. Qa3 Bxc5 39. dxc5 Qb5 40. c6 Ne7
41. c7 Qc6 42. Nd4 Qxc7 43. Nb5 Qb6 44. Nd6+ Kf8 45. h4 Qb4 46. Qd3 Nd5 47. Qa6
Ke7 48. Nb5 f5 49. Qb7+ Kf6 50. Qb8 Kg7 51. Qe5+ Kf7 52. Nd4 Qb1+ 53. Kh2 Qe4
54. Qh8 Nf6 0-1

[Event "Al Ain Classic 2012"]
[Site "Al-Ain UAE"]
[Date "2012.12.27"]
[Round "7.13"]
[White "Shyam, Nikil P."]
[Black "Darini, Pouria"]
[Result "0-1"]
[WhiteTitle "IM"]
[BlackTitle "IM"]
[WhiteElo "2431"]
[BlackElo "2522"]
[WhiteFideId "5024218"]
[BlackFideId "12502200"]
[EventDate "2012.12.22"]

1. d4 Nf6 2. Nf3 g6 3. Bg5 Bg7 4. Nbd2 d5 5. e3 O-O 6. Be2 c5 7. c3 Nc6 8. O-O
Qb6 9. Qb3 c4 10. Qa3 Bf5 11. b3 cxb3 12. axb3 a5 13. h3 h6 14. Bf4 Rfc8 15.
Rfc1 g5 16. Bg3 Nd7 17. Qa4 Qd8 18. Qb5 Nb6 19. Bd1 Ra6 20. Qf1 Raa8 21. Qe2 e6
22. Qb5 Ra6 23. c4 Na7 0-1

[Event "Al Ain Classic 2012"]
[Site "Al-Ain UAE"]
[Date "2012.12.27"]
[Round "7.14"]
[White "El Gindy, Essam"]
[Black "Raetsky, Alexander"]
[Result "1/2-1/2"]
[WhiteTitle "GM"]
[BlackTitle "GM"]
[WhiteElo "2486"]
[BlackElo "2427"]
[WhiteFideId "10600140"]
[BlackFideId "4103203"]
[EventDate "2012.12.22"]

1. Nf3 d5 2. d4 Nf6 3. c4 dxc4 4. e3 Bg4 5. Bxc4 e6 6. h3 Bh5 7. Nc3 a6 8. g4
Bg6 9. Ne5 Nbd7 10. Nxg6 hxg6 11. Bf1 c6 12. Bg2 Qc7 13. Bd2 Bd6 14. Qe2 O-O-O
15. O-O-O e5 16. dxe5 Bxe5 17. f4 Bxc3 18. Bxc3 Rhe8 19. Rd4 Nc5 20. Rhd1 Rxd4
21. Bxd4 Nfd7 22. Qc4 Ne6 23. Bc3 Qb6 24. Kb1 Qc5 25. Qxc5 Nexc5 26. e4 Nxe4 27.
Bxg7 Nec5 28. Bc3 Re3 29. f5 Rg3 30. fxg6 fxg6 31. Bf1 Ne4 32. Bd4 c5 33. Bd3
cxd4 34. Bxe4 Ne5 35. Rxd4 Rxh3 36. Rd5 Nxg4 37. Rc5+ Kb8 38. Rg5 Nf6 39. Bxg6
Rf3 40. a3 Rf4 41. Bd3 Rd4 1/2-1/2

[Event "Al Ain Classic 2012"]
[Site "Al-Ain UAE"]
[Date "2012.12.27"]
[Round "7.15"]
[White "Hungaski, Robert Andrew"]
[Black "Javanbakht, Nima"]
[Result "1/2-1/2"]
[WhiteTitle "IM"]
[BlackTitle "FM"]
[WhiteElo "2469"]
[BlackElo "2406"]
[WhiteFideId "2021030"]
[BlackFideId "12510670"]
[EventDate "2012.12.22"]

1. c4 e6 2. Nf3 d5 3. b3 Nf6 4. g3 c5 5. Bg2 Nc6 6. O-O d4 7. e3 Be7 8. Bb2 e5
9. exd4 exd4 10. d3 O-O 11. Na3 Bg4 12. h3 Bh5 13. Nc2 Nd7 14. Qd2 a5 15. Nh2 f5
16. f4 Kh8 17. a3 Qc7 18. g4 fxg4 19. hxg4 Bg6 20. Bc1 Bd6 21. Rf3 Rae8 22. Qf2
Nde5 23. fxe5 Nxe5 24. Rxf8+ Rxf8 25. Qh4 Nxd3 26. Nf1 Nxc1 27. Rxc1 Bf4 28. Qe1
Bxc1 29. Qxc1 Qd7 30. Qd1 Bxc2 31. Qxc2 d3 32. Qc3 b6 33. Ne3 d2 34. Nd1 Rd8 35.
Bf3 Qd3 36. Bd5 Qxc3 37. Nxc3 Re8 38. Kf2 Re1 39. Bf3 Rc1 40. Nd1 Rb1 41. a4
Rxb3 42. Ne3 Rd3 43. Bd1 Rd4 44. Be2 g6 45. Nd1 h5 46. gxh5 gxh5 47. Bxh5 Rxc4
48. Be8 Re4 49. Bc6 Rd4 50. Ke2 Kg7 51. Nc3 Kf7 52. Bd5+ Ke7 53. Bb3 Kd7 54. Bc2
Ke6 55. Nb1 Rb4 56. Nc3 Rd4 57. Nb1 Rb4 58. Nc3 Rd4 1/2-1/2

[Event "Al Ain Classic 2012"]
[Site "Al-Ain UAE"]
[Date "2012.12.27"]
[Round "7.16"]
[White "Ismagambetov, Anuar"]
[Black "Sanal, Vahap"]
[Result "1-0"]
[WhiteTitle "GM"]
[BlackTitle "FM"]
[WhiteElo "2463"]
[BlackElo "2382"]
[WhiteFideId "13701525"]
[BlackFideId "6300545"]
[EventDate "2012.12.22"]

1. e4 c5 2. Nf3 e6 3. d4 cxd4 4. Nxd4 a6 5. Bd3 Nf6 6. O-O d6 7. Nc3 Be7 8. Kh1
O-O 9. f4 Nbd7 10. Qe2 Qc7 11. Bd2 b5 12. Rae1 b4 13. Nd1 d5 14. exd5 Bc5 15.
dxe6 Bxd4 16. exd7 Bxd7 17. Bxb4 Rfb8 18. Qd2 Bc6 19. c3 Nd5 20. Ba3 Bb6 21. c4
Ba5 22. Qc2 Nf6 23. Re5 Rd8 24. b4 Bb6 25. c5 Ba7 26. Bb2 h6 27. Ne3 Qd7 28. Bf5
Qd2 29. Bc3 Qxc2 30. Bxc2 Bb8 31. Re7 Kf8 32. Nf5 Ra7 33. Rxa7 Bxa7 34. Rd1 Re8
35. Be5 Bb8 36. Nd6 Rd8 37. Bxf6 gxf6 38. Kg1 Bc7 39. Kf2 Rb8 40. a3 a5 41. Rd4
Ke7 42. Nf5+ Kf8 43. Nd6 axb4 44. axb4 Rd8 45. Kg3 Kg8 46. b5 Bxd6 47. Rxd6 Rxd6
48. cxd6 Bxb5 49. Bf5 1-0

[Event "Al Ain Classic 2012"]
[Site "Al-Ain UAE"]
[Date "2012.12.27"]
[Round "7.17"]
[White "Ali Marandi, Cemil Can"]
[Black "Mammadov, Zaur"]
[Result "1/2-1/2"]
[WhiteTitle "FM"]
[BlackTitle "IM"]
[WhiteElo "2354"]
[BlackElo "2459"]
[WhiteFideId "6300529"]
[BlackFideId "13401033"]
[EventDate "2012.12.22"]

1. e4 c6 2. Ne2 d5 3. e5 d4 4. c3 c5 5. b4 dxc3 6. bxc5 cxd2+ 7. Nxd2 e6 8. Ba3
Ne7 9. Nc3 Nbc6 10. Nc4 Nd5 11. Ne4 Be7 12. Ned6+ Bxd6 13. Nxd6+ Kf8 14. Qd2 Qh4
15. Be2 Qf4 16. Rd1 Qxe5 17. O-O Qc3 18. Bb2 Qxd2 19. Rxd2 Rb8 20. Bf3 Nce7 21.
Bd4 Bd7 22. Rb1 Bc6 23. Rdb2 Nf5 24. Be5 f6 25. Nxf5 fxe5 26. Nd6 b6 27. cxb6
Rxb6 28. Nc4 Rxb2 29. Rxb2 Ke7 30. Nxe5 Ba8 31. h4 1/2-1/2

[Event "Al Ain Classic 2012"]
[Site "Al-Ain UAE"]
[Date "2012.12.27"]
[Round "7.18"]
[White "Esen, Baris"]
[Black "Wallis, Christopher"]
[Result "1-0"]
[WhiteTitle "GM"]
[BlackTitle "FM"]
[WhiteElo "2576"]
[BlackElo "2283"]
[WhiteFideId "6302114"]
[BlackFideId "3204839"]
[EventDate "2012.12.22"]

1. d4 d5 2. c4 c6 3. Nf3 Nf6 4. Nc3 e6 5. e3 Nbd7 6. Qc2 Bd6 7. Bd3 O-O 8. O-O
dxc4 9. Bxc4 a6 10. e4 e5 11. Rd1 Qc7 12. h3 b5 13. Bb3 Bb7 14. dxe5 Nxe5 15.
Nd4 Ng6 16. Nf5 Bh2+ 17. Kh1 Be5 18. a4 Rac8 19. Be3 b4 20. Nb1 c5 21. Nd2 c4
22. Qxc4 Bxb2 23. Qxc7 Rxc7 24. Rab1 Bc3 25. f3 Rd7 26. Nc4 Bc6 27. Na5 Rxd1+
28. Rxd1 Bd7 29. Nd6 Ne5 30. f4 Nc6 31. Nxc6 Bxc6 32. e5 Ne8 33. Nf5 Be4 34.
Ne7+ Kh8 35. Bc5 Nc7 36. Ng6+ hxg6 37. Bxf8 Ne6 38. Bxe6 fxe6 39. Bxb4 Bxb4 40.
Rd4 Bxg2+ 41. Kxg2 a5 42. Rd8+ Kh7 43. Kf3 g5 44. fxg5 Kg6 45. Kg4 1-0